000 00535cam a2200205ua 4500
020 _c33.00
041 _aeng
_h
082 _a631.587
_bKHU/IR
100 _aKhushalani, K B .
245 _aIrrigation practice and design, Vol 1 /
_cK B Khushalani.
_hTextual Documents
250 _a1 /
_b.
260 _aNew Delhi :
_bOxford & IBH Publishing company ,
_c1984.
300 _a495 ; .
365 _a33.00
504 _a
700 1 _aKhushalani, Manohar .
942 _cBK
999 _c7440
_d7440